| 000 | 00622cam a22001932 4500 | ||
|---|---|---|---|
| 001 | 0000025566 | ||
| 005 | 20151217155248.0 | ||
| 008 | 151201s xx 000 0 eng d | ||
| 020 | _a0323085496 : | ||
| 040 |
_aKABU _cKABU |
||
| 100 | 1 | _aAckley, Betty J. | |
| 245 | 1 | 0 |
_aNursing diagnosis handbook : _ban evidence-based guide to planning care / _cby Betty J. Ackley, Gail B. Ladwig. |
| 250 | _a10th ed. | ||
| 260 |
_aMissouri : _bElsevier, _c2014. |
||
| 300 | _axxiii, 887 p. | ||
| 650 | 0 |
_aNursing diagnosis. _@0000183308 |
|
| 852 | 1 | _9p5335.20 KES | |
| 908 | _a151201 | ||
| 999 |
_c12290 _d12290 |
||